000 00769nam a2200193 i 4500
001 100064
003 ES-MaACL
005 20250901043508.0
008 050921s1931 sp |||| | spa d
100 1 _aMartínez Sierra, María,
_d1874-1974
_978430
245 1 3 _aLa mujer española ante la República
_b: conferencias leídas en el Ateneo de Madrid, en los días 4, 9, 11, 15 y 18 de mayo de 1931 /
_cMaría Martínez Sierra.
260 _aMadrid :
_b[s.n.],
_c1931 (
_fTip. Artística)
300 _a186 p. ;
_c20 cm.
610 2 4 _aAteneo de Madrid-
_vConferencias-
_y1900-1939
_91907
650 _aMujeres-
_zEspaña-
_xSituación social-
_y1931-1939.
_9167784
650 0 4 _aMujeres-
_xDerechos-
_zEspaña
_915265
852 _aES-MaACL
_jB-12350
999 _c100064
_d100064